[Event "5th Villa de Gijon Open"]
[Site "Gijon ESP"]
[Date "2019.07.27"]
[Round "7.4"]
[White "Martinez Duany, L."]
[Black "Navrotescu , Catalin"]
[Result "1-0"]
[WhiteElo "2535"]
[BlackElo "2356"]
[PlyCount "53"]
[EventDate "2019.07.22"]

1. e4 c5 2. Nc3 a6 3. g3 b5 4. Bg2 Bb7 5. d3 e6 6. Nh3 Nf6 7. O-O b4 8. Nb1 d5
9. Nd2 Be7 10. Nf4 Nc6 11. exd5 exd5 12. Re1 O-O 13. Nf1 Re8 14. Ne3 Bf8 15.
Nexd5 Rxe1+ 16. Qxe1 Nxd5 17. Bxd5 g6 18. Qe4 Qd6 19. Be3 Bg7 20. Bxf7+ Kxf7
21. Qc4+ Kf6 22. Nd5+ Kf7 23. Nc7+ Kf6 24. Bg5+ Kf5 25. Qe4+ Kxg5 26. Qh4+ Kf5
27. g4+ 1-0

[Event "1st Cappelle Rapid 2019"]
[Site "Cappelle la Grande FRA"]
[Date "2019.02.23"]
[Round "8.12"]
[White "Van Dael, Siem"]
[Black "Navrotescu , Catalin"]
[Result "1-0"]
[WhiteElo "2242"]
[BlackElo "2345"]
[PlyCount "93"]
[EventDate "2019.02.23"]

1. e4 g6 2. d4 Bg7 3. Nc3 d6 4. Be3 a6 5. Qd2 b5 6. f3 Nd7 7. h4 h6 8. O-O-O
Nb6 9. Bd3 Nf6 10. Nge2 b4 11. Nb1 a5 12. e5 Nfd5 13. c4 bxc3 14. Nbxc3 Ba6 15.
Bxa6 Rxa6 16. Qd3 Nb4 17. Qb1 O-O 18. h5 N6d5 19. Bd2 g5 20. a3 Rc6 21. Qe4 f5
22. exf6 Nxf6 23. Qe6+ Rf7 24. axb4 axb4 25. Kb1 bxc3 26. Bxc3 Qa8 27. d5 Ra6
28. Kc2 Ra2 29. Rd4 Ra4 30. Rhd1 Nxh5 31. Qg6 Nf6 32. Ng3 Rxd4 33. Rxd4 Nxd5
34. Nf5 Rxf5 35. Rxd5 Rf7 36. Rf5 Qf8 37. Ra5 Rf4 38. Ra8 e5 39. Rxf8+ Rxf8 40.
Qe6+ Kh7 41. Qd7 g4 42. Qxg4 Rf4 43. Qd7 Rc4 44. Qf5+ Kh8 45. Qf7 Rc5 46. Kb1
Rc6 47. Qe8+ 1-0

[Event "35th Cappelle Open 2019"]
[Site "Cappelle la Grande FRA"]
[Date "2019.02.18"]
[Round "4.7"]
[White "Admiraal, M."]
[Black "Navrotescu , Catalin"]
[Result "1-0"]
[WhiteElo "2478"]
[BlackElo "2345"]
[PlyCount "61"]
[EventDate "2019.02.16"]

1. e4 d6 2. d4 Nf6 3. Nc3 g6 4. f4 Bg7 5. a3 O-O 6. Nf3 Nc6 7. Be2 Bg4 8. Be3
e5 9. fxe5 dxe5 10. d5 Bxf3 11. gxf3 Nd4 12. Qd2 c6 13. dxc6 bxc6 14. O-O-O Qa5
15. Na2 Qc7 16. Bxd4 exd4 17. Bc4 Nd7 18. Kb1 Rab8 19. Nb4 Qb6 20. f4 Nc5 21.
e5 a5 22. Nd3 Ne4 23. Qg2 Nc3+ 24. Ka1 Nxd1 25. Rxd1 Qd8 26. f5 Kh8 27. f6 Bh6
28. h4 Be3 29. h5 g5 30. Qe4 Re8 31. Nc5 1-0

[Event "35th Cappelle Open 2019"]
[Site "Cappelle la Grande FRA"]
[Date "2019.02.20"]
[Round "6.5"]
[White "Navrotescu , Catalin"]
[Black "Moussard, Jules"]
[Result "1/2-1/2"]
[WhiteElo "2345"]
[BlackElo "2605"]
[PlyCount "87"]
[EventDate "2019.02.16"]

1. d4 Nf6 2. g3 g6 3. Bg2 Bg7 4. e4 d6 5. Nc3 O-O 6. Nge2 Nbd7 7. h3 e5 8. O-O
Re8 9. Be3 c6 10. a4 Qc7 11. g4 h5 12. g5 Nh7 13. f4 exf4 14. Nxf4 Ndf8 15. h4
Bg4 16. Qd2 f6 17. Rf2 fxg5 18. hxg5 Qa5 19. Raf1 Nxg5 20. b4 Qxb4 21. Nd3 Qa5
22. Bxg5 Bxd4 23. Bf6 Bxf2+ 24. Rxf2 Re6 25. e5 dxe5 26. Qh6 Rxf6 27. Rxf6 Qc7
28. Be4 Qg7 29. Qxg7+ Kxg7 30. Rd6 Re8 31. a5 Kf7 32. Nc5 b6 33. axb6 axb6 34.
Nd3 Bd7 35. Bxc6 Bxc6 36. Rxc6 Re6 37. Rc7+ Ke8 38. Ne4 Nd7 39. Kf2 Kd8 40. Ra7
Rc6 41. Rxd7+ Kxd7 42. Nxe5+ Kc7 43. Nxc6 Kxc6 44. c4 1/2-1/2

[Event "35th Cappelle Open 2019"]
[Site "Cappelle la Grande FRA"]
[Date "2019.02.20"]
[Round "7.9"]
[White "Degraeve, Jean Marc"]
[Black "Navrotescu , Catalin"]
[Result "1-0"]
[WhiteElo "2550"]
[BlackElo "2345"]
[PlyCount "81"]
[EventDate "2019.02.16"]

1. e4 g6 2. d4 Bg7 3. Nc3 d6 4. Be3 a6 5. h4 h6 6. h5 g5 7. Qd2 b5 8. Nge2 Bb7
9. Ng3 e6 10. O-O-O Nf6 11. f3 Nbd7 12. Kb1 Nb6 13. Bd3 Nfd7 14. Nce2 c5 15. c3
Qe7 16. f4 gxf4 17. Bxf4 O-O-O 18. Qe3 d5 19. e5 c4 20. Bc2 a5 21. Rhf1 b4 22.
Qf3 Ba6 23. Bc1 Rdf8 24. Qg4 Rfg8 25. Qf3 Rf8 26. Rf2 Kb7 27. Rdf1 f6 28. exf6
Bxf6 29. Nf4 b3 30. Bg6 bxa2+ 31. Kxa2 Bg5 32. Qe2 e5 33. dxe5 Qxe5 34. Be3 Qd6
35. Nf5 Rxf5 36. Bxf5 Re8 37. Qd2 Nc5 38. Bxc5 Qxc5 39. Re2 Rxe2 40. Qxe2 Bb5
41. Ne6 1-0

[Event "18th Sautron Open 2018"]
[Site "Sautron FRA"]
[Date "2018.10.22"]
[Round "4.2"]
[White "Nikolov, Momchil"]
[Black "Navrotescu , Catalin"]
[Result "1-0"]
[WhiteElo "2555"]
[BlackElo "2359"]
[PlyCount "73"]
[EventDate "2018.10.20"]

1. d4 Nf6 2. c4 g6 3. Nc3 Bg7 4. e4 d6 5. Nf3 O-O 6. Be2 c5 7. O-O Nc6 8. d5
Na5 9. h3 e5 10. Bg5 h6 11. Bh4 Bd7 12. Nd2 a6 13. a3 b6 14. Rb1 Qc7 15. Qc2
Nb7 16. b4 Nh7 17. Rb3 f5 18. f3 Bf6 19. Bf2 Bd8 20. Rfb1 Nf6 21. bxc5 Nxc5 22.
Rxb6 Qxb6 23. Rxb6 Bxb6 24. Nb3 Rab8 25. Nxc5 Bxc5 26. Bxc5 dxc5 27. Nd1 Nh5
28. Nf2 Nf4 29. Bd3 fxe4 30. Nxe4 Bf5 31. Nxc5 Nxd3 32. Nxd3 e4 33. fxe4 Bxe4
34. Qd2 Rb1+ 35. Kh2 Rff1 36. Nf2 Bf5 37. g4 1-0

[Event "18th Sautron Open 2018"]
[Site "Sautron FRA"]
[Date "2018.10.23"]
[Round "5.9"]
[White "Navrotescu , Catalin"]
[Black "Le Pen, Steven"]
[Result "1/2-1/2"]
[WhiteElo "2359"]
[BlackElo "2110"]
[PlyCount "49"]
[EventDate "2018.10.20"]

1. d4 Nf6 2. c4 g6 3. Nc3 d5 4. Nf3 Bg7 5. cxd5 Nxd5 6. e4 Nxc3 7. bxc3 c5 8.
Be3 Nc6 9. Qd2 Qa5 10. Rc1 cxd4 11. cxd4 Qxd2+ 12. Kxd2 O-O 13. d5 Rd8 14. Kc2
Na5 15. Bg5 f5 16. Bxe7 Re8 17. Bb4 fxe4 18. Bxa5 exf3 19. gxf3 Bf5+ 20. Kb3 b6
21. Bc3 Bxc3 22. Rxc3 Re1 23. Bg2 Re2 24. h4 Rxf2 25. Bh3 1/2-1/2

[Event "18th Sautron Open 2018"]
[Site "Sautron FRA"]
[Date "2018.10.24"]
[Round "6.10"]
[White "Navrotescu , Catalin"]
[Black "Lucidarme, Damien"]
[Result "1-0"]
[WhiteElo "2359"]
[BlackElo "2015"]
[PlyCount "63"]
[EventDate "2018.10.20"]

1. d4 d6 2. e4 Nf6 3. Nc3 c6 4. g3 Nbd7 5. Bg2 e5 6. Nge2 Be7 7. a4 O-O 8. O-O
Qc7 9. h3 Re8 10. Be3 b6 11. f4 Bb7 12. g4 exd4 13. Bxd4 c5 14. Bf2 Bf8 15. Ng3
h6 16. h4 a6 17. g5 Nh7 18. Nd5 Qd8 19. Qd3 Rc8 20. Rfd1 c4 21. Qc3 Nc5 22. e5
b5 23. axb5 axb5 24. exd6 Bxd6 25. Nf5 Bf8 26. Nde7+ Qxe7 27. Nxe7+ Bxe7 28.
Bxb7 Nxb7 29. Ra7 Nc5 30. Rxe7 Rxe7 31. Bxc5 Rxc5 32. Qa3 1-0

[Event "18th Sautron Open 2018"]
[Site "Sautron FRA"]
[Date "2018.10.25"]
[Round "7.6"]
[White "Devallee, Jeremie"]
[Black "Navrotescu , Catalin"]
[Result "1-0"]
[WhiteElo "2230"]
[BlackElo "2359"]
[PlyCount "59"]
[EventDate "2018.10.20"]

1. e4 c5 2. d4 cxd4 3. c3 Nf6 4. e5 Nd5 5. Nf3 Nc6 6. Bc4 Nb6 7. Bb3 d5 8. exd6
e6 9. cxd4 Qxd6 10. Nc3 Be7 11. O-O O-O 12. Re1 Nd5 13. Ne4 Qd8 14. a3 b6 15.
Qd3 Re8 16. Neg5 Bxg5 17. Bxg5 Qd6 18. Re4 Bb7 19. Rh4 f5 20. Re1 Nce7 21. Ne5
Ng6 22. Rxh7 Ndf4 23. Bxf4 Nxf4 24. Rxg7+ Kxg7 25. Qg3+ Kh7 26. Qxf4 Qf8 27.
Re3 Qh6 28. Rh3 Qxh3 29. gxh3 Rg8+ 30. Kf1 1-0

[Event "Festival Internazionale d'Abruzzo 2018"]
[Site "CittÃ  Sant'Angelo ITA"]
[Date "2018.08.05"]
[Round "1.7"]
[White "Sjoberg, Isak"]
[Black "Navrotescu , Catalin"]
[Result "1/2-1/2"]
[WhiteElo "2089"]
[BlackElo "2372"]
[PlyCount "91"]
[EventDate "2018.08.05"]

1. e4 c5 2. Nf3 Nc6 3. Bb5 d6 4. d4 cxd4 5. Qxd4 a6 6. Bxc6+ bxc6 7. c4 e5 8.
Qd3 Be7 9. O-O Qc7 10. Nc3 Nf6 11. h3 O-O 12. Rd1 Nd7 13. Be3 Nc5 14. Bxc5 dxc5
15. Qe3 Be6 16. b3 f6 17. Rd2 Rfd8 18. Rad1 Rd4 19. Na4 Rb8 20. Nxd4 cxd4 21.
Qg3 c5 22. Kh2 Bd6 23. Qf3 Bf8 24. g3 Bd7 25. Nc3 Qc8 26. Qh5 Be8 27. Qf3 dxc3
28. Qxc3 Qc7 29. Rd3 Bc6 30. f3 a5 31. a4 Be7 32. R1d2 g6 33. Re2 Rf8 34. g4 h6
35. Kg1 Kh7 36. Kg2 Rg8 37. Kf1 h5 38. Rdd2 Rf8 39. Kg1 Rf7 40. Rd3 Bf8 41. Qe1
Bh6 42. Qf2 Qe7 43. Qe1 Qc7 44. Qf2 Qa7 45. Rd6 Be8 46. Rd5 1/2-1/2

[Event "Festival Internazionale d'Abruzzo 2018"]
[Site "CittÃ  Sant'Angelo ITA"]
[Date "2018.08.06"]
[Round "2.9"]
[White "Navrotescu , Catalin"]
[Black "Peric, S."]
[Result "1/2-1/2"]
[WhiteElo "2372"]
[BlackElo "2120"]
[PlyCount "66"]
[EventDate "2018.08.05"]

1. Nf3 d5 2. c4 c6 3. g3 e6 4. Bg2 Nf6 5. O-O Nbd7 6. b3 Be7 7. Bb2 O-O 8. d3
a5 9. Nc3 Nc5 10. Rb1 Re8 11. a3 Bf8 12. b4 axb4 13. axb4 Na6 14. Na2 dxc4 15.
dxc4 Qxd1 16. Rfxd1 Nc5 17. Nc1 Na4 18. Ba1 Ne4 19. Rd3 Nb6 20. Ne5 Nf6 21. Rd1
Nbd7 22. Ncd3 Be7 23. b5 cxb5 24. Rxb5 Ra2 25. Bxb7 Nxe5 26. Nxe5 Bxb7 27. Rxb7
Rxe2 28. Bd4 h6 29. Ra1 Re4 30. Bb2 Re2 31. Bd4 Re4 32. Bb2 Re2 33. Bd4 Re4
1/2-1/2

[Event "Festival Internazionale d'Abruzzo 2018"]
[Site "CittÃ  Sant'Angelo ITA"]
[Date "2018.08.09"]
[Round "6.10"]
[White "Naumkin, Igor"]
[Black "Navrotescu , Catalin"]
[Result "1/2-1/2"]
[WhiteElo "2382"]
[BlackElo "2372"]
[PlyCount "83"]
[EventDate "2018.08.05"]

1. d4 Nf6 2. c4 e6 3. Nf3 c5 4. d5 d6 5. Nc3 exd5 6. cxd5 g6 7. e4 Bg7 8. Be2
O-O 9. O-O Bg4 10. h3 Bxf3 11. Bxf3 a6 12. a4 Nbd7 13. Bf4 Qe7 14. Re1 Ne8 15.
Qd2 Nc7 16. Be2 Rab8 17. Bf1 Rfc8 18. a5 b5 19. axb6 Rxb6 20. Bg3 Rcb8 21. Ra2
Bd4 22. Kh1 Qf6 23. Nd1 h5 24. f4 h4 25. Bh2 Re8 26. Nf2 Qg7 27. Ng4 f5 28.
exf5 Rxe1 29. Qxe1 gxf5 30. Ne3 Qe7 31. Bg1 Rb3 32. Nc2 Qxe1 33. Nxe1 Rxb2 34.
Rxb2 Bxb2 35. Nf3 Bf6 36. Bf2 Nxd5 37. Bxa6 Kf7 38. Nxh4 Bxh4 39. Bxh4 Nxf4 40.
Bg3 Nd5 41. Bxd6 Ke6 42. Bh2 1/2-1/2

[Event "Festival Internazionale d'Abruzzo 2018"]
[Site "CittÃ  Sant'Angelo ITA"]
[Date "2018.08.10"]
[Round "8.10"]
[White "Navrotescu , Catalin"]
[Black "Orfini, N."]
[Result "1/2-1/2"]
[WhiteElo "2372"]
[BlackElo "2157"]
[PlyCount "60"]
[EventDate "2018.08.05"]

1. d4 Nf6 2. c4 g6 3. Nc3 Bg7 4. Nf3 d6 5. Bg5 h6 6. Bh4 O-O 7. e3 c6 8. Be2 a6
9. O-O b5 10. a3 bxc4 11. Bxc4 Nbd7 12. Rc1 c5 13. d5 Nb6 14. Ba2 Bg4 15. h3
Bf5 16. g4 Be4 17. Bxf6 Bxf3 18. Bxe7 Qxe7 19. Qxf3 f5 20. Bb1 Rab8 21. Qe2 Qh4
22. Kg2 Nd7 23. gxf5 gxf5 24. f4 Kh8 25. Kh2 Nf6 26. Bxf5 Nxd5 27. Nxd5 Rxf5
28. e4 Rxb2 29. Rc2 Rxc2 30. Qxc2 Rf8 1/2-1/2

[Event "Festival Internazionale d'Abruzzo 2018"]
[Site "CittÃ  Sant'Angelo ITA"]
[Date "2018.08.11"]
[Round "9.8"]
[White "Varvaglione, A."]
[Black "Navrotescu , Catalin"]
[Result "0-1"]
[WhiteElo "2200"]
[BlackElo "2372"]
[PlyCount "50"]
[EventDate "2018.08.05"]

1. e4 e6 2. d4 c5 3. c3 d5 4. exd5 Qxd5 5. Nf3 Nf6 6. Be2 Nc6 7. O-O cxd4 8.
cxd4 Be7 9. Nc3 Qd6 10. Nb5 Qd8 11. Bf4 Nd5 12. Bg3 a6 13. Nc3 O-O 14. Rc1 Nf6
15. Na4 Bd7 16. Nc5 Qb6 17. b3 Rfd8 18. Qd2 Nxd4 19. Qxd4 Bb5 20. Nd7 Qxd4 21.
Nxd4 Bxd7 22. Bf3 Nd5 23. Nf5 Ba3 24. Rcd1 Bb5 25. Rfe1 Bb4 0-1

[Event "18th Sautron Open"]
[Site "?"]
[Date "2018.10.27"]
[Round "?"]
[White "Manea, Alexandru"]
[Black "Navrotescu , Catalin"]
[Result "1/2-1/2"]
[WhiteElo "2359"]
[BlackElo "2359"]
[PlyCount "99"]
[EventDate "2018.??.??"]

1. e4 c5 2. Nf3 Nc6 3. d4 cxd4 4. Nxd4 Nf6 5. Nc3 e6 6. a3 Qc7 7. Ndb5 Qb8 8.
Be3 Be7 9. Be2 a6 10. Nd4 O-O 11. O-O d6 12. f4 Qc7 13. Kh1 Re8 14. Qe1 Nxd4
15. Bxd4 e5 16. fxe5 dxe5 17. Qg3 Bd8 18. Be3 Kh8 19. Rad1 Be6 20. Rd2 Be7 21.
Bg5 Rad8 22. Bd3 Nh5 23. Qh4 Bxg5 24. Qxg5 Nf4 25. Rfd1 f6 26. Qg3 Rd4 27. Bf1
Red8 28. Qf2 Qb6 29. Rxd4 Rxd4 30. Rxd4 Qxd4 31. Kg1 Kg8 32. g3 Nh3+ 33. Bxh3
Qxf2+ 34. Kxf2 Bxh3 35. Na4 Bd7 36. Nc5 Bc6 37. Ke3 Kf7 38. b4 Ke7 39. c4 Kd6
40. Nb3 b6 41. Nd2 g6 42. Nf3 Bd7 43. Nd2 Bc6 44. Kd3 f5 45. Ke3 Ke6 46. Kf3 h5
47. Ke3 Kd6 48. Kd3 Ke6 49. Ke3 Kd6 50. Kd3 1/2-1/2

[Event "It (open)"]
[Site "Rochefort (France)"]
[Date "2017.02.23"]
[Round "8"]
[White "Velten Paul (FRA)"]
[Black "Navrotescu , Catalin"]
[Result "1/2-1/2"]
[WhiteElo "2468"]
[BlackElo "2360"]
[PlyCount "26"]
[EventDate "2017.??.??"]

1. d4 Nf6 2. Nf3 c5 3. e3 g6 4. c3 Bg7 5. Nbd2 d6 6. Bd3 O-O 7. Qe2 Nc6 8. dxc5
dxc5 9. O-O Qc7 10. Re1 b6 11. Ba6 Rd8 12. e4 Nh5 13. Nf1 Nf4 1/2-1/2

[Event "Sables-d'Olonne Open 2016"]
[Site "Sables-d'Olonne FRA"]
[Date "2016.07.18"]
[Round "4.9"]
[White "Barchuk, Irina"]
[Black "Navrotescu , Catalin"]
[Result "1/2-1/2"]
[WhiteElo "2218"]
[BlackElo "2355"]
[PlyCount "50"]
[EventDate "2016.07.16"]

1. e4 c5 2. Nf3 Nc6 3. d4 cxd4 4. Nxd4 e5 5. Nb5 d6 6. N1c3 a6 7. Na3 b5 8. Nd5
Nge7 9. c4 Nxd5 10. cxd5 Nd4 11. Bd3 Be7 12. O-O O-O 13. Be3 Bd7 14. Nc2 Nxc2
15. Qxc2 Bg5 16. Qd2 Bxe3 17. Qxe3 Qc7 18. Rfc1 Qa7 19. Qxa7 Rxa7 20. Rc2 Rc8
21. Rxc8+ Bxc8 22. a4 bxa4 23. Rxa4 Kf8 24. f3 Ke7 25. b4 Rc7 1/2-1/2

[Event "Sables-d'Olonne Open 2016"]
[Site "Sables-d'Olonne FRA"]
[Date "2016.07.20"]
[Round "7.9"]
[White "Navrotescu , Catalin"]
[Black "Maloberti, D."]
[Result "1-0"]
[WhiteElo "2355"]
[BlackElo "2029"]
[PlyCount "58"]
[EventDate "2016.07.16"]

1. d4 Nf6 2. g3 g6 3. Bg2 Bg7 4. e4 d6 5. Nc3 e5 6. dxe5 dxe5 7. Qxd8+ Kxd8 8.
h3 Be6 9. Bg5 c6 10. f4 Kc7 11. O-O-O h6 12. Bh4 Re8 13. f5 Bc4 14. fxg6 fxg6
15. g4 g5 16. Bg3 Nbd7 17. Nf3 Kc8 18. Rd2 Kc7 19. Nd4 Bf8 20. Nf5 b5 21. Nd1
Bxa2 22. Nf2 a5 23. h4 a4 24. hxg5 hxg5 25. Nd3 b4 26. Bf3 Bc4 27. Kb1 b3 28.
Rc1 a3 29. cxb3 axb2 1-0

[Event "32nd Cappelle Open 2016"]
[Site "Cappelle la Grande FRA"]
[Date "2016.02.14"]
[Round "2.38"]
[White "Navrotescu , Catalin"]
[Black "Jussupow, Ar"]
[Result "0-1"]
[WhiteElo "2358"]
[BlackElo "2578"]
[PlyCount "62"]
[EventDate "2016.02.13"]
[EventType "swiss"]

1. d4 Nf6 2. c4 e6 3. Nc3 Bb4 4. Bg5 c5 5. d5 h6 6. Bh4 d6 7. e3 Bxc3+ 8. bxc3
e5 9. f3 Nbd7 10. Bd3 Qe7 11. Qb1 Kd8 12. Ne2 g5 13. Bg3 Kc7 14. a4 a5 15. Ra2
b6 16. Rb2 Ba6 17. h4 e4 18. fxe4 Ng4 19. Nd4 cxd4 20. cxd4 Kb7 21. O-O Rhc8
22. Rc1 Ka7 23. Be2 Ngf6 24. Bxd6 Qxd6 25. c5 Nxc5 26. dxc5 Rxc5 27. Bxa6 Ng4
28. Rxc5 Qxc5 29. Rb3 Nxe3 30. Be2 Nc4+ 31. Kh1 Nd2 0-1

[Event "32nd Cappelle Open 2016"]
[Site "Cappelle la Grande FRA"]
[Date "2016.02.15"]
[Round "4.64"]
[White "Navrotescu , Catalin"]
[Black "Lebret, Jean-Michel"]
[Result "1-0"]
[WhiteElo "2358"]
[BlackElo "2074"]
[PlyCount "51"]
[EventDate "2016.02.13"]
[EventType "swiss"]

1. Nf3 c5 2. g3 g6 3. Bg2 Bg7 4. O-O Nf6 5. d4 cxd4 6. Nxd4 Nc6 7. c4 O-O 8.
Nc3 Nxd4 9. Qxd4 d6 10. Qd3 a6 11. Bf4 Qc7 12. Rac1 e5 13. Bg5 Be6 14. Rfd1 Ne8
15. Nd5 Bxd5 16. Qxd5 h6 17. Be3 Rd8 18. c5 Nf6 19. Qxb7 Qxb7 20. Bxb7 dxc5 21.
Bxa6 Rxd1+ 22. Rxd1 Ra8 23. Bc4 Bf8 24. f3 Kg7 25. Bd2 Rd8 26. Bxh6+ 1-0

[Event "32nd Cappelle Open 2016"]
[Site "Cappelle la Grande FRA"]
[Date "2016.02.16"]
[Round "5.35"]
[White "Navrotescu , Catalin"]
[Black "Sumets, Andrey"]
[Result "1/2-1/2"]
[WhiteElo "2358"]
[BlackElo "2595"]
[PlyCount "70"]
[EventDate "2016.02.13"]
[EventType "swiss"]

1. d4 Nf6 2. c4 e6 3. Nc3 Bb4 4. Bg5 c5 5. d5 d6 6. e3 h6 7. Bh4 Bxc3+ 8. bxc3
Qe7 9. Nf3 e5 10. Nd2 g5 11. Bg3 Bf5 12. Be2 Nbd7 13. f3 Bg6 14. e4 Nh5 15. Bf2
Nf4 16. Bf1 f5 17. g3 fxe4 18. Nxe4 Nh5 19. Bd3 Bh7 20. Rb1 O-O-O 21. O-O Kb8
22. a4 Ndf6 23. a5 g4 24. Rb5 gxf3 25. Qxf3 Nxe4 26. Bxe4 Rdf8 27. Qe2 Bxe4 28.
Qxe4 Qf7 29. Qe2 Qg6 30. Qb2 Rh7 31. a6 b6 32. Rxb6+ axb6 33. Qxb6+ Ka8 34.
Qc6+ Kb8 35. Qb6+ Ka8 1/2-1/2

[Event "6th Sautron France, Open"]
[Site "?"]
[Date "2016.10.22"]
[Round "?"]
[White "Navrotescu , Catalin"]
[Black "David, Bogdan-Emanuel"]
[Result "1/2-1/2"]
[WhiteElo "2360"]
[BlackElo "2101"]
[PlyCount "84"]
[EventDate "2016.??.??"]

1. c4 g6 2. d4 Bg7 3. e4 d6 4. Nc3 Nc6 5. d5 Nd4 6. Be3 e5 7. dxe6 Nxe6 8. Qd2
Ne7 9. O-O-O O-O 10. Nge2 f5 11. f4 Qe8 12. g4 fxe4 13. Nxe4 Qc6 14. Qc2 Nc5
15. Bxc5 dxc5 16. Rg1 Kh8 17. Rg3 Be6 18. Bg2 Qa6 19. Nxc5 Qxc4 20. b3 Qxc2+
21. Kxc2 Bg8 22. Bxb7 Rad8 23. Rxd8 Rxd8 24. Rd3 Nd5 25. Bxd5 Rxd5 26. Rxd5
Bxd5 27. Kd3 Kg8 28. Nd4 c6 29. a4 a5 30. Nb7 Bxd4 31. Kxd4 Bxb3 32. Nxa5 Bxa4
33. Kc5 Kg7 34. Nxc6 Kf6 35. Kd6 h5 36. h3 hxg4 37. hxg4 Bd1 38. g5+ Kf5 39.
Ke7 Kxf4 40. Kf6 Bc2 41. Ne5 Bb1 42. Nxg6+ Kg4 1/2-1/2

[Event "It (open)"]
[Site "Cappelle la Grande (France)"]
[Date "2016.02.13"]
[Round "1"]
[White "Cornette Matthieu (FRA)"]
[Black "Navrotescu , Catalin"]
[Result "1/2-1/2"]
[WhiteElo "2591"]
[BlackElo "2358"]
[PlyCount "57"]
[EventDate "2016.??.??"]

1. e4 c5 2. Nf3 e6 3. d4 cxd4 4. Nxd4 Nf6 5. Nc3 Nc6 6. Nxc6 bxc6 7. e5 Nd5 8.
Ne4 Qc7 9. f4 Qb6 10. c4 Bb4+ 11. Ke2 f5 12. exf6 Nxf6 13. Be3 Qd8 14. Nd6+
Bxd6 15. Qxd6 Bb7 16. Kd1 c5 17. Bd3 Rc8 18. Bxc5 Be4 19. Ba3 Rc6 20. Qd4 Bxd3
21. Qxd3 Qc7 22. Rc1 d5 23. Qd4 dxc4 24. Kc2 Kf7 25. Rhd1 Rc8 26. Kb1 c3 27.
bxc3 Rc4 28. Qd6 Rxf4 29. Rc2 1/2-1/2

[Event "It (open)"]
[Site "Cappelle la Grande (France)"]
[Date "2016.02.17"]
[Round "6"]
[White "Feryn Benjamin (FRA)"]
[Black "Navrotescu , Catalin"]
[Result "1/2-1/2"]
[WhiteElo "2068"]
[BlackElo "2358"]
[PlyCount "39"]
[EventDate "2016.??.??"]

1. e4 c5 2. Nf3 Nc6 3. d4 cxd4 4. Nxd4 e5 5. Nb5 d6 6. N1c3 a6 7. Na3 Be7 8.
Nc4 Nf6 9. Bg5 O-O 10. Bxf6 Bxf6 11. Qxd6 Bg5 12. Qxd8 Rxd8 13. Bd3 Be6 14. Nb6
Rab8 15. Rd1 h5 16. O-O Bg4 17. Rb1 Rd6 18. h3 Be6 19. Ncd5 g6 20. Rbd1 1/2-1/2

[Event "15th Sautron Open 2015"]
[Site "Sautron FRA"]
[Date "2015.10.26"]
[Round "3.5"]
[White "Ider Borya (FRA)"]
[Black "Navrotescu , Catalin"]
[Result "1-0"]
[WhiteElo "2464"]
[BlackElo "2366"]
[PlyCount "89"]
[EventDate "2015.10.24"]

1. d4 Nf6 2. Nf3 g6 3. e3 Bg7 4. b4 O-O 5. Be2 d6 6. Bb2 Nbd7 7. c4 e5 8. Nc3
exd4 9. Nxd4 Ne5 10. O-O c5 11. bxc5 dxc5 12. Nf3 Nfg4 13. Qb3 Be6 14. Rad1 Qb6
15. Na4 Qc7 16. Nxe5 Bxe5 17. Bxe5 Nxe5 18. Nc3 f6 19. Nd5 Bxd5 20. cxd5 c4 21.
Qb4 Qb6 22. Qxb6 axb6 23. f4 Nd3 24. Bxd3 cxd3 25. Rxd3 Rxa2 26. Rc1 Rd8 27.
Rc7 Ra5 28. d6 Rc5 29. Rxb7 Rc6 30. d7 Kf7 31. Kf2 Ke7 32. Kf3 h5 33. h3 Ke6
34. Rd4 Ke7 35. g3 Ke6 36. Ke4 Ke7 37. f5 gxf5+ 38. Kxf5 Rc5+ 39. Kf4 b5 40. e4
Rc1 41. h4 b4 42. Rbxb4 Rxd7 43. Rxd7+ Kxd7 44. Rb5 Rf1+ 45. Ke3 1-0

[Event "15th Sautron Open 2015"]
[Site "Sautron FRA"]
[Date "2015.10.27"]
[Round "5.8"]
[White "Pottier, Simeon"]
[Black "Navrotescu , Catalin"]
[Result "0-1"]
[WhiteElo "1843"]
[BlackElo "2366"]
[PlyCount "76"]
[EventDate "2015.10.24"]

1. d4 Nf6 2. c4 c5 3. d5 b5 4. cxb5 a6 5. b6 d6 6. Nc3 g6 7. e4 Bg7 8. Nf3 O-O
9. Be2 Nbd7 10. Nd2 Nxb6 11. O-O e6 12. Nc4 exd5 13. exd5 Nxc4 14. Bxc4 Rb8 15.
Rb1 Ng4 16. Be3 Nxh2 17. Kxh2 Qh4+ 18. Kg1 Qxc4 19. Qd2 Bf5 20. Rbc1 Be5 21. f4
Bd4 22. Bxd4 Qxd4+ 23. Qxd4 cxd4 24. Na4 Rb5 25. Rc6 Rxd5 26. Nb6 Rb5 27. b3
Re8 28. Rxd6 Re2 29. Rf2 Rxf2 30. Kxf2 Bb1 31. Nd7 a5 32. g4 h6 33. Rxd4 Bxa2
34. Ke2 Bxb3 35. Kd2 a4 36. Nf6+ Kg7 37. Ne4 a3 38. Kc3 a2 0-1

[Event "15th Sautron Open 2015"]
[Site "Sautron FRA"]
[Date "2015.10.29"]
[Round "7.9"]
[White "Lejarre, Ludovic"]
[Black "Navrotescu , Catalin"]
[Result "1/2-1/2"]
[WhiteElo "2342"]
[BlackElo "2366"]
[PlyCount "49"]
[EventDate "2015.10.24"]

1. e4 c5 2. Nc3 g6 3. g3 Bg7 4. Bg2 Nc6 5. d3 e5 6. f4 d6 7. Nh3 Nge7 8. O-O
Nd4 9. Be3 O-O 10. Qd2 Bg4 11. Ng5 f6 12. Nf3 Qd7 13. Rf2 b5 14. Raf1 b4 15.
Nd1 Rab8 16. c3 Nxf3+ 17. Bxf3 Be6 18. c4 exf4 19. Bxf4 Nc6 20. Bg2 Nd4 21. h4
Rf7 22. Ne3 Rbf8 23. Nd5 Bxd5 24. cxd5 f5 25. Bh3 1/2-1/2

[Event "Camp. francese 2015 - Accession"]
[Site "Saint-Quentin FRA"]
[Date "2015.08.13"]
[Round "5.4"]
[White "Navrotescu , Catalin"]
[Black "Debray, Christopher"]
[Result "1-0"]
[WhiteElo "2376"]
[BlackElo "2346"]
[PlyCount "63"]
[EventDate "2015.08.09"]

1. d4 g6 2. e4 Bg7 3. Nc3 d6 4. g3 e5 5. dxe5 dxe5 6. Qxd8+ Kxd8 7. Be3 Be6 8.
O-O-O+ Nd7 9. f4 Ngf6 10. h3 c6 11. g4 exf4 12. Bxf4 b5 13. Bg2 Rc8 14. Nge2 b4
15. Na4 c5 16. Ng3 Ne8 17. e5 Ke7 18. Ne4 c4 19. Rhe1 b3 20. Nec3 h6 21. Kb1
Nc7 22. axb3 cxb3 23. cxb3 Rb8 24. Nd5+ Nxd5 25. Bxd5 Bxd5 26. Rxd5 g5 27. e6
Nf6 28. Bd6+ Ke8 29. Ra5 Rd8 30. Bc5 Ra8 31. Nb6 axb6 32. Rxa8# 1-0

[Event "Camp. francese 2015 - Accession"]
[Site "Saint-Quentin FRA"]
[Date "2015.08.14"]
[Round "6.1"]
[White "Navrotescu , Catalin"]
[Black "Demuth, Adrien"]
[Result "0-1"]
[WhiteElo "2376"]
[BlackElo "2541"]
[PlyCount "128"]
[EventDate "2015.08.09"]

1. c4 e5 2. Nc3 Nf6 3. g3 c6 4. d4 exd4 5. Qxd4 d5 6. Bg2 Be6 7. cxd5 cxd5 8.
Nf3 Nc6 9. Qa4 Bc5 10. O-O O-O 11. Ng5 Qe7 12. e4 d4 13. Nd5 Bxd5 14. exd5 Nb4
15. Bf4 Nd3 16. d6 Qe8 17. Qc4 Nxf4 18. Qxc5 b6 19. Qb4 Nxg2 20. Qxd4 Rd8 21.
Rac1 h6 22. Nf3 Qe6 23. Kxg2 Rxd6 24. Qc4 Qxc4 25. Rxc4 Re8 26. Rfc1 Rd7 27.
Rc7 Rxc7 28. Rxc7 Re2 29. Nd4 Rxb2 30. Rxa7 Ng4 31. h3 Nxf2 32. h4 Ng4+ 33. Kf3
h5 34. Nf5 Rf2+ 35. Ke4 Nf6+ 36. Ke5 Ng4+ 37. Ke4 g6 38. Nd4 Nf6+ 39. Ke5 Ng4+
40. Ke4 Kg7 41. Ne6+ Kf6 42. Ng5 Nh6 43. a4 Ra2 44. Kd5 Kf5 45. Nxf7 Nxf7 46.
Rxf7+ Kg4 47. Rf4+ Kxg3 48. Rb4 Rh2 49. Rxb6 Rxh4 50. a5 g5 51. Rb3+ Kf4 52. a6
Rh1 53. Ra3 Rd1+ 54. Ke6 Rd8 55. Ra4+ Kg3 56. Kf5 g4 57. a7 Ra8 58. Kg5 Kh3 59.
Kxh5 g3 60. Rh4+ Kg2 61. Ra4 Kh2 62. Rh4+ Kg1 63. Kg4 g2 64. Rh7 Kf2 0-1